Catálogo
 En Linea

Cultura e imperialismo. / (Registro nro. 42776)

Detalles MARC
000 -CABECERA
campo de control de longitud fija 00601nam a2200193 a 4500
001 - NÚMERO DE CONTROL
campo de control 000043287
005 - FECHA Y HORA DE LA ÚLTIMA TRANSACCIÓN
campo de control 20201002040806.0
008 - DATOS DE LONGITUD FIJA--INFORMACIÓN GENERAL
campo de control de longitud fija 140304s1996 sp 001 0 spa d
020 ## - NÚMERO INTERNACIONAL ESTÁNDAR DEL LIBRO
Número Internacional Estándar del Libro 8433905376
040 ## - FUENTE DE LA CATALOGACIÓN
Centro catalogador/agencia de origen DO-SdBNP
Lengua de catalogación spa
Centro/agencia transcriptor BNPHU
100 1# - ENTRADA PRINCIPAL--NOMBRE DE PERSONA
Nombre de persona Said, Edward W.
9 (RLIN) 70908
240 10 - TÍTULO UNIFORME
Título uniforme Culture and imperialism
245 10 - MENCIÓN DE TÍTULO
Título Cultura e imperialismo. /
Mención de responsabilidad, etc. Edward W. Said; traducción Nora Catelli.
260 ## - PUBLICACIÓN, DISTRIBUCIÓN, ETC.
Lugar de publicación, distribución, etc. Barcelona, :
Nombre del editor, distribuidor, etc. Anagrama,
Fecha de publicación, distribución, etc. 1996.
300 ## - DESCRIPCIÓN FÍSICA
Extensión 542 p. ;
Dimensiones 22 cm.
500 ## - NOTA GENERAL
Nota general Incluye notas a pie de página
500 ## - NOTA GENERAL
Nota general Incluye índice analítico
700 1# - PUNTO DE ACCESO ADICIONAL--NOMBRE DE PERSONA
Nombre de persona Catelli, Nora
Término indicativo de función/relación trad.
9 (RLIN) 70909
Existencias
Estado de retiro Estado de pérdida Restricciones de uso No para préstamo Código de colección Localización permanente Ubicación/localización actual Ubicación en estantería Fecha de adquisición Número de inventario Total de préstamos Signatura topográfica completa Código de barras Fecha visto por última vez Precio válido a partir de Tipo de ítem Koha
      Excluido de préstamo Monografías: Libros y Folletos General General En catalogación 04.03.2014 LF1   43287-10 25.06.2020 25.06.2020 No se presta

Con tecnología Koha